Buffy contre les vampires : Le Quiz pour les fans #3 - Statistiques

Statistiques générales
  • Ce quiz a été pris 130 fois
  • Le résultat moyen est 9 sur 15
Statistiques - réponses
Question Réponse % Correct
Dans la saison 4, quelle matière le professeur Maggie Walsh enseigne-t-elle ? La psychologie
87%
À cause de qui Alex perd-t’il son œil ? Caleb
82%
Dans quelle ville Drusilla a-t-elle été attaquée par une foule en colère ? Prague
77%
Dans la saison 2, qui arrive à rendre son âme à Angel ? Willow
77%
Dans la saison 7, à quel emplacement se trouve la bouche de l’enfer dans le nouveau lycée de Sunnydale qui a été reconstruit ? Sous le bureau du proviseur
75%
Dans la saison 5, quel cadeau d’anniversaire Giles offre-il à Tara ? Une boule de cristal
69%
Qui est le tout premier vampire à apparaître dans la série ? Darla
66%
Quel était le prénom original d’Anya ? (Son prénom humain) Aud
61%
Dans l’épisode « Une revenante » de la saison 4, quel est le nom du rouge à lèvres que prend Faith chez Joyce ? Fille de joie
57%
Dans l’épisode musical, quel personnage n’a PAS sa propre chanson ? Willow
56%
Sous l’apparence de quel personnage, la Force n’est jamais apparue ? Tara
53%
Quel est le prénom du « Juste des Justes » ? Collin
50%
De quelle couleur est la disquette de Jenny Calendar ? Celle qui contient le sort de resitution d’âme destiné à Angel. Jaune
47%
Quel était le métier de Giles avant de devenir l’observateur de Buffy ? Conservateur dans un musée
42%
Comment se prénomme la mère de Spike ? Anne
40%
Aucun quiz correspondant
Distribution des résultats
% des personnes avec chaque résultat
Percentile par nombre de réponses
Votre historique - résultats
Vous n’avez pas pris ce quiz